00316nam a22001097a 4500020001800000082001600018100004400034245005700078260004500135300000800180650001800188 a9780195652253 a954.025 ALA aAlam, Muzaffar and Subrahmanyam, Sanjay aThemes in Indian History: The Mughal State 1526-1750 aNew DelhibOxford University Pressc1993 a536 aIndia-History